| 000 | 01901nam a22003854a 4500 | ||
|---|---|---|---|
| 001 | ebr10237205 | ||
| 003 | CaPaEBR | ||
| 006 | m u | ||
| 007 | cr cn||||||||| | ||
| 008 | 070719s2007 moua sb s001 0ceng | ||
| 010 | _z 2007028962 | ||
| 020 | _z9780826217547 (alk. paper) | ||
| 020 | _z0826217540 (alk. paper) | ||
| 040 |
_aCaPaEBR _cCaPaEBR |
||
| 035 | _a(OCoLC)646756092 | ||
| 043 | _an-us--- | ||
| 050 | 1 | 4 |
_aRC858.C95 _bS73 2007eb |
| 082 | 0 | 4 |
_a362.196/3720092 _aB _222 |
| 100 | 1 |
_aStenzel Byrnes, Isabel, _d1972- |
|
| 245 | 1 | 4 |
_aThe power of two _h[electronic resource] : _ba twin triumph over cystic fibrosis / _cIsabel Stenzel Byrnes & Anabel Stenzel. |
| 260 |
_aColumbia : _bUniversity of Missouri Press, _cc2007. |
||
| 300 |
_axiii, 293 p. : _bill. |
||
| 504 | _aIncludes bibliographical references (p. 287-289) and index. | ||
| 520 | _a"Born in 1972, twins who share this life-threatening disease give an honest portrayal of their struggle to live normal lives, their interdependence, day-to-day health care, the impact of chronic illness on marriage and family, and the importance of a support network to continuing survival"--Provided by publisher. | ||
| 533 |
_aElectronic reproduction. _bPalo Alto, Calif. : _cebrary, _d2013. _nAvailable via World Wide Web. _nAccess may be limited to ebrary affiliated libraries. |
||
| 600 | 1 | 0 |
_aStenzel Byrnes, Isabel, _d1972- _xHealth. |
| 600 | 1 | 0 |
_aStenzel, Anabel, _d1972- _xHealth. |
| 650 | 0 |
_aCystic fibrosis _xPatients _zUnited States _vBiography. |
|
| 650 | 0 |
_aCystic fibrosis _xPatients _xFamily relationships _zUnited States. |
|
| 650 | 0 |
_aTwins _zUnited States _vBiography. |
|
| 655 | 7 |
_aElectronic books. _2local |
|
| 700 | 1 |
_aStenzel, Anabel, _d1972- |
|
| 710 | 2 | _aebrary, Inc. | |
| 856 | 4 | 0 |
_uhttp://site.ebrary.com/lib/rucke/Doc?id=10237205 _zAn electronic book accessible through the World Wide Web; click to view |
| 999 |
_c152015 _d152015 |
||